Statistieken voor Campus 12 songs in emoji's

Klik hier om de quiz te nemen!

Algemene statistieken

  • Deze quiz is 11 keer genomen
  • De gemiddelde score is 6 van 10

Antwoordstatistieken

HintAntwoord% Correct
💣The bomb
86%
🔁📆🔮Every day magic
71%
🌬️🕊️Fly away
71%
✨🔮🧿Magic
71%
1️⃣🙍‍♀️Only human
71%
🔑❤Open your heart
71%
🥊Knock-out
57%
😴🎶Lullaby
57%
🌈Every colour
43%
✨📆✨Wonderful day
29%

Scoreverdeling

Percentiel versus Aantal Correcte Antwoorden

Procent van Mensen met Elke Score

Uw Scoregeschiedenis

U heeft deze quiz nog niet genomen